000 00516nam a2200193Ia 4500
003 LK-CoDNM
008 010623t1922 xxu||||| |||| 00| 1 sin d
040 _aLK-CoDNM
_dLK-CoDNM
_eLK-CoDNM
041 _asin
080 _a104 E.21
100 _aSamaranayake,C.V
_eed.
245 _aකාව්‍ය නරේන්ද්‍ර‍ායා
246 _aKavya Narendraya
260 _bC.V Samaranayake
_aAluthgama
_c1922
300 _b14p., 21 cm
650 _aJohn De Silva
650 _aPoetry
942 _cBK
999 _c91173
_d91173